| 000 | nam a22 a 4500 | ||
|---|---|---|---|
| 999 |
_c61702 _d61702 |
||
| 003 | BLK | ||
| 005 | 20210315145059.0 | ||
| 008 | 180408b bul|||||r ||||||| ||bul|| | ||
| 010 | _aKNG00065908000 | ||
| 040 | _aBLK | ||
| 041 |
_aRUS _cRUS |
||
| 080 |
_aОбщи енциклопедии. Енциклопедични речници. Научни справочници. Отраслови енциклопедии и справочници се класират в съответните отдели с определител за форма _b03 _z03 |
||
| 139 |
_aЕжегодник Большой советской энциклопедии _bЕ 35 |
||
| 245 | 1 | 0 |
_aЕжегодник Большой советской энциклопедии _bВып. 18 - _p1974 |
| 260 |
_aМосква _bСов. Энциклопедия _c1957 - |
||
| 300 | _c31 см | ||
| 380 | _a0 | ||
| 760 | 1 |
_aЕжегодник Большой советской энциклопедии _d1974 _h620 с. _tВып. 18 1974 |
|
| 852 |
_aЦб ІІ 29827 _bЦб |
||
| 856 | 4 | _qpdf | |
| 856 | 4 | _qpdf | |
| 942 |
_cKNG _n0 _s1 |
||
| 944 |
_aCR _c13.06.2004 _kНаталия_Медовщикова |
||
| 944 |
_aED _c2021-03-15 _kГГГ |
||
| 999 | _d61702 | ||
| 999 | _d61702 | ||